The beautiful side of evil. (Record no. 13637)

000 -LEADER
fixed length control field 00788nam a2200253 a 4500
001 - CONTROL NUMBER
control field :::00011460$&:&@@
003 - CONTROL NUMBER IDENTIFIER
control field OkBaRHE
005 - DATE AND TIME OF LATEST TRANSACTION
control field 20100402115339.0
008 - FIXED-LENGTH DATA ELEMENTS--GENERAL INFORMATION
fixed length control field s1982 j 000 0 eng u
020 ## - INTERNATIONAL STANDARD BOOK NUMBER
International Standard Book Number 0890813221 (pbk.)
040 ## - CATALOGING SOURCE
Transcribing agency
100 1# - MAIN ENTRY--PERSONAL NAME
Personal name Michaelsen, Johanna.
245 14 - TITLE STATEMENT
Title The beautiful side of evil.
Statement of responsibility, etc foreword, Hal Lindsey.
260 ## - PUBLICATION, DISTRIBUTION, ETC. (IMPRINT)
Place of publication, distribution, etc Eugene, OR., :
Name of publisher, distributor, etc Harvest House Publishers
Date of publication, distribution, etc 1982
300 ## - PHYSICAL DESCRIPTION
Extent 222 p. ;
Dimensions 21 cm.
650 ## - SUBJECT ADDED ENTRY--TOPICAL TERM
Topical term or geographic name as entry element Christian Life
General subdivision 1960-
650 ## - SUBJECT ADDED ENTRY--TOPICAL TERM
Topical term or geographic name as entry element Converts
General subdivision Biography
650 ## - SUBJECT ADDED ENTRY--TOPICAL TERM
Topical term or geographic name as entry element Michaelsen, Johanna.
650 ## - SUBJECT ADDED ENTRY--TOPICAL TERM
Topical term or geographic name as entry element Occult Sciences
650 ## - SUBJECT ADDED ENTRY--TOPICAL TERM
Topical term or geographic name as entry element Psychic Surgery
650 ## - SUBJECT ADDED ENTRY--TOPICAL TERM
Topical term or geographic name as entry element Psychical Research
942 ## - ADDED ENTRY ELEMENTS (KOHA)
Source of classification or shelving scheme
Koha item type Books
Copies
Not for loan Damaged status Lost status Full call number Shelving location Price effective from Permanent Location Date acquired Barcode Copy number Date last seen Withdrawn status Source of classification or shelving scheme Koha item type
   BV 4935 .M48 A32General Stacks2010-04-14RHEMA Bible Training College2010-04-141146012010-04-14  Books